100 Famous Writers by Most Famous Work - Statistics

General Stats
  • This quiz has been taken 1,232 times
    350 since last reset
  • The average score is 46 of 100
Answer Stats
Book Year Answer % Correct
Pride and Prejudice 1813 Jane Austen
89%
War & Peace 1869 Leo Tolstoy
89%
Wuthering Heights 1847 Emily Brontë
85%
Nineteen Eighty-Four 1949 George Orwell
85%
Frankenstein 1818 Mary Shelley
85%
Jane Eyre 1847 Charlotte Brontë
84%
Les Misérables 1862 Victor Hugo
84%
Harry Potter and the Philosopher's Stone 1997 J. K. Rowling
83%
Murder on the Orient Express 1934 Agatha Christie
82%
Crime and Punishment 1866 Fyodor Dostoevsky
82%
Agnes Grey 1847 Anne Brontë
80%
A Tale of Two Cities 1859 Charles Dickens
80%
The Great Gatsby 1925 F. Scott Fitzgerald
80%
The Picture of Dorian Gray 1890 Oscar Wilde
79%
Dracula 1897 Bram Stoker
77%
The Metamorphosis 1915 Franz Kafka
77%
The Old Man and the Sea 1952 Ernest Hemingway
76%
Ulysses 1922 James Joyce
75%
The Adventures of Tom Sawyer 1876 Mark Twain
75%
The Count Of Monte Cristo 1844 Alexandre Dumas
74%
The Da Vinci Code 2003 Dan Brown
71%
Alice's Adventures in Wonderland 1865 Lewis Carroll
71%
The Shining 1977 Stephen King
71%
The Grapes of Wrath 1939 John Steinbeck
70%
Moby-Dick 1851 Herman Melville
69%
Around the World in Eighty Days 1872 Jules Verne
68%
Candide 1759 Voltaire
68%
Charlie and the Chocolate Factory 1964 Roald Dahl
67%
To Kill a Mockingbird 1960 Harper Lee
65%
The Catcher in the Rye 1951 J. D. Salinger
64%
Lolita 1955 Vladimir Nabokov
64%
One Hundred Years of Solitude 1967 Gabriel García Márquez
62%
Brave New World 1932 Aldous Huxley
61%
Treasure Island 1883 Robert Louis Stevenson
60%
The Stranger 1942 Albert Camus
58%
Little Women 1868 Louisa May Alcott
58%
Mrs Dalloway 1925 Virginia Woolf
58%
The War of the Worlds 1898 H. G. Wells
57%
Madame Bovary 1857 Gustave Flaubert
56%
The Call of the Wild 1903 Jack London
56%
The Cat in the Hat 1957 Dr. Seuss
54%
The Handmaid's Tale 1985 Margaret Atwood
53%
The Godfather 1969 Mario Puzo
52%
Fahrenheit 451 1953 Ray Bradbury
51%
The Lord of the Flies 1954 William Golding
51%
Dune 1965 Frank Herbert
48%
The Alchemist 1988 Paulo Coelho
48%
The Little Prince 1943 Antoine de Saint-Exupéry
47%
Gone with the Wind 1936 Margaret Mitchell
47%
Slaughterhouse-Five 1969 Kurt Vonnegut
46%
The Name of the Rose 1980 Umberto Eco
45%
Atlas Shrugged 1957 Ayn Rand
44%
The Second Sex 1949 Simone de Beauvoir
41%
Beloved 1987 Toni Morrison
41%
Middlemarch 1871 George Eliot
40%
Catch-22 1961 Joseph Heller
40%
The Magic Mountain 1924 Thomas Mann
40%
The Kite Runner 2003 Khaled Hosseini
38%
The Tale of Peter Rabbit 1902 Beatrix Potter
37%
The Master and Margarita 1940 Mikhail Bulgakov
37%
A Clockwork Orange 1962 Anthony Burgess
34%
Eugene Onegin 1833 Alexander Pushkin
33%
Steppenwolf 1927 Hermann Hesse
33%
All Quiet on the Western Front 1929 Erich Maria Remarque
32%
Tropic of Cancer 1934 Henry Miller
32%
American Psycho 1991 Bret Easton Ellis
31%
Norwegian Wood 1987 Haruki Murakami
31%
Midnight's Children 1981 Salman Rushdie
31%
The Girl with the Dragon Tattoo 2005 Stieg Larsson
30%
Fifty Shades of Grey 2011 E. L. James
28%
The Unbearable Lightness of Being 1984 Milan Kundera
28%
Invisible Man 1952 Ralph Ellison
27%
2001: A Space Odyssey 1968 Arthur C. Clarke
25%
The Hunt for Red October 1984 Tom Clancy
25%
Life of Pi 2001 Yann Martel
25%
Fathers and Sons 1862 Ivan Turgenev
24%
Foundation and Earth 1986 Isaac Asimov
23%
Taras Bulba 1835 Nikolai Gogol
23%
The House of the Spirits 1982 Isabel Allende
22%
The Tin Drum 1959 Günter Grass
21%
Gravity's Rainbow 1973 Thomas Pynchon
21%
The Joy Luck Club 1989 Amy Tan
19%
Giovanni's Room 1956 James Baldwin
19%
Rabbit, Run 1960 John Updike
19%
One Day in the Life of Ivan Denisovich 1962 Aleksandr Solzhenitsyn
18%
Trainspotting 1993 Irvine Welsh
18%
A Hero of Our Time 1840 Mikhail Lermontov
17%
The God of Small Things 1997 Arundhati Roy
12%
The Shadow of the Wind 2001 Carlos Ruiz Zafón
11%
The Book of Disquiet 1982 Fernando Pessoa
11%
The Wasp Factory 1984 Iain Banks
11%
My Name Is Red 1998 Orhan Pamuk
11%
Starship Troopers 1959 Robert A. Heinlein
11%
The Left Hand of Darkness 1969 Ursula K. Le Guin
10%
The Prime of Miss Jean Brodie 1961 Muriel Spark
8%
Zorba the Greek 1946 Nikos Kazantzakis
8%
We 1921 Yevgeny Zamyatin
8%
The Temple of the Golden Pavilion 1956 Yukio Mishima
8%
Play It as It Lays 1970 Joan Didion
4%
My Michael 1968 Amos Oz
1%
No matching quizzes found
Score Distribution
Percent of People with Each Score
Percentile by Number Answered
Your Score History
You have not taken this quiz since the last reset